Louisiana Cities/Towns 2 - Sudden Death - Statistics

General Stats
  • This quiz has been taken 12 times
  • The average score is 4 of 17
Answers on the Grid
Answers color-coded by a green-red scale on the quiz's grid according to % correct below.
Jeanerette
Crowley
Charleston
Bouqerret
Florien
Lake Providence
Monroe
Golden Meadow
Grand
Porterville
Crescent City
Ponchatoula
Brusly
Hammond
Grand Plateau
Grand Coteau
Pine Bark
Palmetto
Kinder
De Ridder
Bastrop
Berlin
Thibodaux
Hornton
Walton
Opelousas
Port Wayne
Chassity
Fawley
St. Martinville
 
Answer Stats
Answer % Correct
Crowley
67%
Florien
50%
Monroe
50%
Jeanerette
33%
Lake Providence
33%
De Ridder
17%
Golden Meadow
17%
Grand Coteau
17%
Hammond
17%
Palmetto
17%
Ponchatoula
17%
Thibodaux
17%
Bastrop
0%
Brusly
0%
Kinder
0%
Opelousas
0%
St. Martinville
0%
No matching quizzes found
Score Distribution
Percent of People with Each Score
Percentile by Number Answered
Your Score History
You have not taken this quiz